000 00335nam a2200121Ia 4500
008 240731s9999 xx 000 0 und d
022 _a1475-8059
245 0 _aRethinking Marxism : A Journal of Economics, Culture & Society
260 _bRoutledge
856 _uhttps://www.tandfonline.com/loi/rrmx20
942 _2ddc
942 _cTFEJ
999 _c79237
_d79237
945 _a1
_bMadushi Gamage
_c1
_dMadushi Gamage